| 000 | 02728nam a2200397Ka 4500 | ||
|---|---|---|---|
| 001 | bslw06294138 | ||
| 003 | UtOrBLW | ||
| 005 | 20210303085331.0 | ||
| 006 | m d | ||
| 007 | cr un||||||||| | ||
| 008 | 101115s2006 enk o 000 0 eng d | ||
| 020 |
_a9781849504485 (electronic bk.) : _c£58.95 ; €82.95 ; $106.95 |
||
| 040 |
_aUtOrBLW _cUtOrBLW |
||
| 050 | 4 |
_aHF5630 _b.A38 2006 |
|
| 072 | 7 |
_aKJM _2bicssc |
|
| 072 | 7 |
_aBUS _2bicssc |
|
| 072 | 7 |
_aBUS001000 _2bisacsh |
|
| 072 | 7 |
_aBUS041000 _2bisacsh |
|
| 080 | _a336.717.16 | ||
| 082 | 0 | 4 |
_a657 _222 |
| 245 | 0 | 0 |
_aAdvances in accounting behavioral research. _nVol. 9 _h[electronic resource] / _cedited by Vicky Arnold ... [et. al]. |
| 260 |
_aBingley, U.K. : _bEmerald, _c2006. |
||
| 300 | _a1 online resource (xii, 235 p.). | ||
| 490 | 0 |
_aAdvances in accounting behavioral research, _x1475-1488 |
|
| 505 | 0 | _aThe impact of accountability on the processing of nondiagnostic evidence / Michael Favere-Marchesi, Karen V. Pincus -- Understanding investment expertise and factors that influence the information processing and performance of investment experts / Kinsun Tam, James L. Bierstaker, Inshik Seol -- The influence of outcome knowledge on judges and jurors' evaluations of auditor decisions : a review and synthesis of prior research / D. Jordan Lowe, Philip M.J. Reckers -- Why you should consider SEM : a guide to getting started / Cindy Blanthorne, L. Allison Jones-Farmer, Elizabeth Dreike Almer -- A postmodern stakeholder analysis of telework / Anita Reed, James E. Hunton, Carolyn Strand Norman -- Auditors' memory of internal control information : the effect of documentation preparation versus review / Lori S. Kopp, James L. Bierstaker -- Internal auditor burnout : an examination of behavioral consequences / Timothy J. Fogarty, Lawrence P. Kalbers -- Fairness, budget satisfaction, and budget performance : a path analytic model of their relationships / Adam S. Maiga. | |
| 520 | _aVolume 9 of Advances in Accounting Behavioral Research presents further empirical research in accounting theory. Its content is of wide appeal and crosses into the fields of applied psychology, sociology, management science, and economics. It presents empirical research in accounting theory. | ||
| 588 | 0 | _aPrint version record | |
| 650 | 7 |
_aBusiness & Economics _xAccounting _xGeneral. _2bisacsh |
|
| 650 | 7 |
_aBusiness & Economics _xManagement. _2bisacsh |
|
| 650 | 7 |
_aManagement & management techniques. _2bicssc |
|
| 650 | 0 |
_aAccounting _xPsychological aspects _xResearch. |
|
| 700 | 1 | _aArnold, Vicky. | |
| 776 | 1 | _z9780762313532 | |
| 856 | 4 | 0 | _uhttps://www.emerald.com/insight/publication/doi/10.1016/S1475-1488(2006)9 |
| 913 | _1BMEbacklist | ||
| 999 |
_c31671 _d31671 |
||